Capitales Européennes [Facile] - Statistiques

Statistiques générales
  • Ce quiz a été pris 221 fois
  • Le résultat moyen est 13 sur 15
Statistiques - réponses
Indice Réponse % Correct
France Paris
100%
Allemagne Berlin
99%
Espagne Madrid
99%
Italie Rome
99%
Portugal Lisbonne
98%
Belgique Bruxelles
96%
Ukraine Kiev
92%
Pays-Bas Amsterdam
91%
Grece Athènes
89%
Suisse Berne
88%
Irlande Dublin
84%
Autriche Vienne
83%
Suède Stockholm
78%
Hongrie Budapest
76%
Roumanie Bucarest
75%
Aucun quiz correspondant
Distribution des résultats
% des personnes avec chaque résultat
Percentile par nombre de réponses
Votre historique - résultats
Vous n’avez pas pris ce quiz